Animal Crossing - les Villageois Moutons [avec image] - Statistiques

Statistiques générales
  • Ce quiz a été pris 14 fois
  • Le résultat moyen est 9 sur 15
Statistiques - réponses
Par images Réponse % Correct
Bouloche
89%
Hélaine
78%
Charlène
67%
Clarabêl
67%
Pietro
67%
Tonton
67%
Bêêtty
56%
Étoile
56%
Karen
56%
Maï
56%
Sélène
56%
Bérénice
44%
Bigoudi
33%
Cashmir
33%
Moumoute
33%
Aucun quiz correspondant
Distribution des résultats
% des personnes avec chaque résultat
Percentile par nombre de réponses
Votre historique - résultats
Vous n’avez pas pris ce quiz